[Event "ABC 2024 Utrecht, Groep B"]
[Site "Utrecht"]
[Date "2024.03.10"]
[Round "6.8"]
[White "Gohil, Viaan"]
[Black "Katpatal, Akshaj"]
[Result "0-1"]
[WhiteElo "1777"]
[BlackElo "1919"]

1. e4 {[%clk 00:54:46]} {[%emt 00:00:33]} c5 {[%clk 00:55:15]} {[%emt
00:00:06]} 2. Nf3 {[%clk 00:54:50]} {[%emt 00:00:05]} Nc6 {[%clk 00:55:21]}
{[%emt 00:00:05]} 3. d4 {[%clk 00:54:50]} {[%emt 00:00:09]} cxd4 {[%clk
00:55:28]} {[%emt 00:00:04]} 4. Nxd4 {[%clk 00:54:52]} {[%emt 00:00:07]} d6
{[%clk 00:55:36]} {[%emt 00:00:04]} 5. Nc3 {[%clk 00:54:33]} {[%emt 00:00:28]}
a6 {[%clk 00:55:41]} {[%emt 00:00:06]} 6. Bc4 {[%clk 00:53:43]} {[%emt
00:00:58]} Nf6 {[%clk 00:55:39]} {[%emt 00:00:13]} 7. Bg5 {[%clk 00:52:52]}
{[%emt 00:01:01]} e6 {[%clk 00:53:52]} {[%emt 00:01:57]} 8. f4 {[%clk
00:52:29]} {[%emt 00:00:32]} h6 {[%clk 00:53:45]} {[%emt 00:00:18]} 9. Bxf6
{[%clk 00:51:31]} {[%emt 00:01:07]} Qxf6 {[%clk 00:53:47]} {[%emt 00:00:09]} 10.
Nxc6 {[%clk 00:51:18]} {[%emt 00:00:22]} bxc6 {[%clk 00:53:51]} {[%emt
00:00:07]} 11. O-O {[%clk 00:50:35]} {[%emt 00:00:53]} Be7 {[%clk 00:52:50]}
{[%emt 00:01:11]} 12. Qd2 {[%clk 00:48:46]} {[%emt 00:01:57]} d5 {[%clk
00:39:57]} {[%emt 00:09:28]} 13. exd5 {[%clk 00:47:36]} {[%emt 00:04:55]} exd5
{[%clk 00:39:41]} {[%emt 00:00:37]} 14. Bd3 {[%clk 00:45:38]} {[%emt 00:02:18]}
O-O {[%clk 00:39:08]} {[%emt 00:00:31]} 15. Rf3 {[%clk 00:43:31]} {[%emt
00:02:26]} Rb8 {[%clk 00:39:04]} {[%emt 00:00:16]} 16. Rb1 {[%clk 00:40:56]}
{[%emt 00:02:46]} Bb4 {[%clk 00:37:33]} {[%emt 00:01:42]} 17. Qc1 {[%clk
00:32:31]} {[%emt 00:08:33]} Bxc3 {[%clk 00:36:19]} {[%emt 00:01:26]} 18. bxc3
{[%clk 00:32:10]} {[%emt 00:00:30]} Rxb1 {[%clk 00:36:28]} {[%emt 00:00:03]} 19.
Qxb1 {[%clk 00:32:02]} {[%emt 00:00:17]} Bg4 {[%clk 00:34:14]} {[%emt
00:02:23]} 20. Rg3 {[%clk 00:31:18]} {[%emt 00:00:55]} Qxf4 {[%clk 00:32:55]}
{[%emt 00:01:29]} 21. Bxa6 {[%clk 00:29:26]} {[%emt 00:02:01]} Rb8 {[%clk
00:28:40]} {[%emt 00:04:25]} 22. Qe1 {[%clk 00:27:56]} {[%emt 00:01:38]} Qa4
{[%clk 00:24:49]} {[%emt 00:03:59]} 23. Bf1 {[%clk 00:25:38]} {[%emt 00:02:32]}
Qa7+ {[%clk 00:17:02]} {[%emt 00:07:58]} 24. Kh1 {[%clk 00:24:54]} {[%emt
00:00:52]} Bf5 {[%clk 00:15:52]} {[%emt 00:01:19]} 25. h3 {[%clk 00:21:50]}
{[%emt 00:03:14]} Bxc2 {[%clk 00:13:01]} {[%emt 00:03:03]} 26. Qd2 {[%clk
00:21:11]} {[%emt 00:00:47]} Bg6 {[%clk 00:12:41]} {[%emt 00:00:33]} 27. Bd3
{[%clk 00:20:24]} {[%emt 00:00:55]} Bxd3 {[%clk 00:11:30]} {[%emt 00:01:22]} 28.
Qxd3 {[%clk 00:20:12]} {[%emt 00:00:23]} Qf2 {[%clk 00:09:46]} {[%emt
00:01:52]} 29. Kh2 {[%clk 00:15:49]} {[%emt 00:04:30]} Qf4 {[%clk 00:07:05]}
{[%emt 00:02:54]} 30. Kg1 {[%clk 00:10:49]} {[%emt 00:05:01]} Re8 {[%clk
00:04:47]} {[%emt 00:02:38]} 31. Rf3 {[%clk 00:07:14]} {[%emt 00:03:45]} Qe4
{[%clk 00:03:34]} {[%emt 00:01:23]} 32. Qd4 {[%clk 00:04:07]} {[%emt 00:03:19]}
Qxd4+ {[%clk 00:03:17]} {[%emt 00:00:26]} 33. cxd4 {[%clk 00:04:15]} {[%emt
00:00:02]} f6 {[%clk 00:03:12]} {[%emt 00:00:14]} 34. Rc3 {[%clk 00:04:16]}
{[%emt 00:00:09]} Re4 {[%clk 00:02:59]} {[%emt 00:00:23]} 35. Rd3 {[%clk
00:04:06]} {[%emt 00:00:20]} Kf7 {[%clk 00:03:00]} {[%emt 00:00:10]} 36. Kf2
{[%clk 00:04:12]} {[%emt 00:00:04]} Re8 {[%clk 00:02:57]} {[%emt 00:00:11]} 37.
Rc3 {[%clk 00:04:14]} {[%emt 00:00:10]} Ra8 {[%clk 00:03:03]} {[%emt 00:00:03]}
38. a3 {[%clk 00:04:09]} {[%emt 00:00:16]} Ra6 {[%clk 00:03:06]} {[%emt
00:00:07]} 39. g4 {[%clk 00:04:08]} {[%emt 00:00:10]} Ke6 {[%emt 00:00:03]} 40.
Re3+ {[%emt 00:00:05]} Kd6 {[%clk 00:03:06]} {[%emt 00:00:02]} 41. Rc3 {[%clk
00:04:07]} {[%emt 00:00:12]} Ra4 {[%clk 00:02:38]} {[%emt 00:00:38]} 42. Ke3
{[%clk 00:04:11]} {[%emt 00:00:05]} Kc7 {[%clk 00:02:32]} {[%emt 00:00:16]} 43.
Rb3 {[%clk 00:04:08]} {[%emt 00:00:14]} Kd6 {[%clk 00:02:14]} {[%emt 00:00:27]}
44. Rc3 {[%clk 00:04:15]} {[%emt 00:00:04]} Ra8 {[%clk 00:02:17]} {[%emt
00:00:03]} 45. Kf4 {[%clk 00:04:21]} {[%emt 00:00:06]} g6 {[%clk 00:02:23]}
{[%emt 00:00:07]} 46. h4 {[%clk 00:04:12]} {[%emt 00:00:18]} Ra4 {[%clk
00:02:22]} {[%emt 00:00:09]} 47. Rd3 {[%clk 00:04:01]} {[%emt 00:00:18]} c5
{[%clk 00:02:23]} {[%emt 00:00:14]} 48. Ke3 {[%clk 00:03:53]} {[%emt 00:00:18]}
Rc4 {[%clk 00:02:29]} {[%emt 00:00:04]} 49. dxc5+ {[%clk 00:03:46]} {[%emt
00:00:17]} Kxc5 {[%clk 00:02:38]} {[%emt 00:00:01]} 50. Kf3 {[%clk 00:03:38]}
{[%emt 00:00:18]} g5 {[%clk 00:02:25]} {[%emt 00:00:23]} 51. hxg5 {[%clk
00:03:39]} {[%emt 00:00:08]} hxg5 {[%clk 00:02:34]} {[%emt 00:00:01]} 52. Kg3
{[%clk 00:03:21]} {[%emt 00:00:28]} Rf4 {[%clk 00:02:35]} {[%emt 00:00:07]} 53.
Rc3+ {[%clk 00:03:22]} {[%emt 00:00:12]} Kd6 {[%clk 00:02:30]} {[%emt
00:00:13]} 54. Rd3 {[%clk 00:03:26]} {[%emt 00:00:07]} Ra4 {[%clk 00:02:34]}
{[%emt 00:00:06]} 55. Kf3 {[%clk 00:03:25]} {[%emt 00:00:11]} Kc5 {[%clk
00:02:11]} {[%emt 00:00:33]} 56. Rc3+ {[%clk 00:03:21]} {[%emt 00:00:15]} Kd4
{[%clk 00:02:08]} {[%emt 00:00:10]} 57. Re3 {[%clk 00:03:05]} {[%emt 00:00:29]}
Kc4 {[%clk 00:02:13]} {[%emt 00:00:03]} 58. Ke2 {[%clk 00:02:56]} {[%emt
00:00:20]} d4 {[%clk 00:02:13]} {[%emt 00:00:04]} 59. Rf3 {[%clk 00:02:57]}
{[%emt 00:00:15]} Ra6 {[%clk 00:02:20]} {[%emt 00:00:03]} 60. Kd2 {[%clk
00:02:52]} {[%emt 00:00:16]} Rb6 {[%clk 00:02:17]} {[%emt 00:00:12]} 61. Kc2
{[%clk 00:02:37]} {[%emt 00:00:26]} Re6 {[%clk 00:02:12]} {[%emt 00:00:11]} 62.
Kd2 {[%clk 00:02:45]} {[%emt 00:00:06]} Kd5 {[%clk 00:01:31]} {[%emt 00:00:51]}
63. Kd3 {[%clk 00:02:40]} {[%emt 00:00:16]} Ra6 {[%clk 00:01:38]} {[%emt
00:00:02]} 64. Rf5+ {[%clk 00:02:46]} {[%emt 00:00:04]} Ke6 {[%clk 00:01:47]}
65. Kxd4 {[%clk 00:02:12]} {[%emt 00:00:43]} Rxa3 {[%clk 00:01:53]} {[%emt
00:00:05]} 66. Rf2 {[%clk 00:01:46]} {[%emt 00:00:34]} Ra4+ {[%clk 00:02:02]}
{[%emt 00:00:03]} 67. Kc5 {[%clk 00:01:51]} {[%emt 00:00:05]} Rxg4 {[%clk
00:02:11]} {[%emt 00:00:02]} 68. Re2+ {[%clk 00:01:58]} {[%emt 00:00:03]} Kf5
{[%clk 00:02:18]} {[%emt 00:00:01]} 69. Kd5 {[%clk 00:01:59]} {[%emt 00:00:09]}
Rf4 {[%clk 00:02:27]} {[%emt 00:00:02]} 70. Rg2 {[%clk 00:01:57]} {[%emt
00:00:12]} g4 {[%clk 00:02:34]} {[%emt 00:00:03]} 71. Rg3 {[%clk 00:01:39]}
{[%emt 00:00:29]} Rf3 {[%clk 00:02:33]} {[%emt 00:00:10]} 72. Rg2 {[%clk
00:01:44]} {[%emt 00:00:05]} g3 {[%clk 00:02:38]} {[%emt 00:00:04]} 73. Kd4
{[%clk 00:01:49]} {[%emt 00:00:06]} Kg4 {[%clk 00:02:44]} {[%emt 00:00:03]} 74.
Ke4 {[%clk 00:01:51]} {[%emt 00:00:09]} f5+ {[%clk 00:02:53]} {[%emt 00:00:01]}
75. Ke5 {[%clk 00:01:56]} {[%emt 00:00:05]} f4 {[%clk 00:03:02]} 76. Ke4 {[%clk
00:01:56]} {[%emt 00:00:09]} Re3+ {[%clk 00:03:09]} {[%emt 00:00:02]} 77. Kd4
{[%clk 00:02:03]} {[%emt 00:00:04]} Kf3 {[%clk 00:03:19]} {[%emt 00:00:02]} 78.
Rg1 {[%clk 00:02:09]} {[%emt 00:00:03]} Kf2 {[%clk 00:03:27]} {[%emt 00:00:02]}
79. Ra1 {[%clk 00:02:16]} {[%emt 00:00:02]} g2 {[%clk 00:03:36]} {[%emt
00:00:02]} 80. Ra2+ {[%clk 00:02:24]} {[%emt 00:00:01]} Re2 {[%clk 00:03:45]}
{[%emt 00:00:02]} 81. Ra1 {[%clk 00:02:33]} {[%emt 00:00:02]} g1=Q {[%clk
00:03:45]} {[%emt 00:00:09]} 82. Rxg1 {[%clk 00:02:39]} {[%emt 00:00:03]} Kxg1
{[%clk 00:03:55]} 83. Kd3 {[%clk 00:02:46]} {[%emt 00:00:04]} f3 {[%clk
00:04:03]} {[%emt 00:00:01]} 0-1

[Event "ABC 2024 Utrecht, Groep B"]
[Site "Utrecht"]
[Date "2024.03.10"]
[Round "6.9"]
[White "Rantz, Thomas"]
[Black "Darie, Aden"]
[Result "1/2-1/2"]
[WhiteElo "1632"]
[BlackElo "1900"]

1. e4 {[%clk 00:55:12]} {[%emt 00:00:08]} c6 {[%clk 00:55:14]} {[%emt
00:00:06]} 2. d4 {[%clk 00:55:15]} {[%emt 00:00:07]} d5 {[%clk 00:55:20]}
{[%emt 00:00:04]} 3. exd5 {[%clk 00:54:45]} {[%emt 00:00:41]} cxd5 {[%clk
00:55:22]} {[%emt 00:00:06]} 4. Bd3 {[%clk 00:54:53]} {[%emt 00:00:03]} Nc6
{[%clk 00:55:22]} {[%emt 00:00:08]} 5. c3 {[%clk 00:55:01]} {[%emt 00:00:04]}
Nf6 {[%clk 00:55:25]} {[%emt 00:00:06]} 6. Bf4 {[%clk 00:54:56]} {[%emt
00:00:16]} Bg4 {[%clk 00:55:27]} {[%emt 00:00:07]} 7. Nf3 {[%clk 00:54:59]}
{[%emt 00:00:09]} e6 {[%clk 00:55:24]} {[%emt 00:00:11]} 8. h3 {[%clk
00:55:03]} {[%emt 00:00:07]} Bh5 {[%clk 00:55:26]} {[%emt 00:00:06]} 9. Nbd2
{[%clk 00:54:47]} {[%emt 00:00:29]} Bd6 {[%clk 00:55:25]} {[%emt 00:00:09]} 10.
Bxd6 {[%clk 00:54:53]} {[%emt 00:00:05]} Qxd6 {[%clk 00:55:28]} {[%emt
00:00:07]} 11. Qb3 {[%clk 00:53:17]} {[%emt 00:01:47]} O-O {[%clk 00:55:15]}
{[%emt 00:00:21]} 12. O-O {[%clk 00:53:21]} {[%emt 00:00:08]} Bg6 {[%clk
00:55:15]} {[%emt 00:00:09]} 13. Qc2 {[%clk 00:52:56]} {[%emt 00:00:35]} Rac8
{[%clk 00:55:01]} {[%emt 00:00:23]} 14. Bxg6 {[%clk 00:53:02]} {[%emt
00:00:06]} hxg6 {[%clk 00:55:00]} {[%emt 00:00:09]} 15. Qd3 {[%clk 00:52:16]}
{[%emt 00:00:57]} a6 {[%clk 00:54:45]} {[%emt 00:00:23]} 16. Rfe1 {[%clk
00:51:22]} {[%emt 00:01:07]} Nd7 {[%clk 00:53:40]} {[%emt 00:01:13]} 17. a4
{[%clk 00:47:39]} {[%emt 00:03:55]} Na5 {[%clk 00:50:43]} {[%emt 00:03:06]} 18.
Ne5 {[%clk 00:46:31]} {[%emt 00:01:18]} Nxe5 {[%clk 00:45:54]} {[%emt
00:04:59]} 19. Rxe5 {[%clk 00:46:13]} {[%emt 00:00:29]} Nc4 {[%clk 00:45:34]}
{[%emt 00:00:27]} 20. Nxc4 {[%clk 00:46:09]} {[%emt 00:00:17]} dxc4 {[%clk
00:43:11]} {[%emt 00:02:32]} 21. Qf3 {[%clk 00:45:09]} {[%emt 00:01:10]} Qb6
{[%clk 00:40:45]} {[%emt 00:02:26]} 22. Qe2 {[%clk 00:44:27]} {[%emt 00:01:02]}
Rfd8 {[%clk 00:40:36]} {[%emt 00:00:17]} 23. Qc2 {[%clk 00:43:40]} {[%emt
00:01:00]} Rd5 {[%clk 00:40:02]} {[%emt 00:00:42]} 24. Rxd5 {[%clk 00:42:51]}
{[%emt 00:01:01]} exd5 {[%clk 00:40:02]} {[%emt 00:00:10]} 25. Re1 {[%clk
00:42:53]} {[%emt 00:00:08]} Qc6 {[%clk 00:39:49]} {[%emt 00:00:21]} 26. Re5
{[%clk 00:42:43]} {[%emt 00:00:22]} b5 {[%clk 00:38:04]} {[%emt 00:01:54]} 27.
axb5 {[%clk 00:41:50]} {[%emt 00:01:04]} axb5 {[%clk 00:38:03]} {[%emt
00:00:08]} 28. Qe2 {[%clk 00:39:24]} {[%emt 00:02:38]} Ra8 {[%clk 00:37:04]}
{[%emt 00:01:08]} 29. Qf3 {[%clk 00:38:53]} {[%emt 00:00:42]} Rd8 {[%clk
00:36:28]} {[%emt 00:00:43]} 30. Re7 {[%clk 00:37:59]} {[%emt 00:01:07]} Rf8
{[%clk 00:36:12]} {[%emt 00:00:25]} 31. Re5 {[%clk 00:37:39]} {[%emt 00:00:31]}
Rd8 {[%clk 00:36:01]} {[%emt 00:00:20]} 32. Re7 {[%clk 00:37:46]} {[%emt
00:00:04]} Rf8 {[%clk 00:35:25]} {[%emt 00:00:46]} 33. h4 {[%clk 00:35:47]}
{[%emt 00:02:10]} Qd6 {[%clk 00:35:05]} {[%emt 00:00:28]} 34. Qe2 {[%clk
00:35:27]} {[%emt 00:00:32]} b4 {[%clk 00:33:25]} {[%emt 00:01:49]} 35. Re5
{[%clk 00:32:58]} {[%emt 00:02:39]} bxc3 {[%clk 00:33:08]} {[%emt 00:00:27]} 36.
bxc3 {[%clk 00:33:08]} Rb8 {[%clk 00:32:38]} {[%emt 00:00:40]} 37. Re8+ {[%clk
00:32:00]} {[%emt 00:01:17]} Kh7 {[%clk 00:32:26]} {[%emt 00:00:20]} 38. Rxb8
{[%clk 00:32:07]} {[%emt 00:00:05]} Qxb8 {[%clk 00:32:29]} {[%emt 00:00:07]} 39.
Qf3 {[%clk 00:31:35]} {[%emt 00:00:41]} Qb2 {[%clk 00:30:38]} {[%emt 00:02:02]}
40. h5 {[%clk 00:31:08]} {[%emt 00:00:37]} gxh5 {[%clk 00:23:16]} {[%emt
00:07:33]} 41. Qxf7 {[%clk 00:28:39]} {[%emt 00:02:39]} Qc1+ {[%clk 00:22:53]}
{[%emt 00:00:32]} 42. Kh2 {[%clk 00:28:41]} {[%emt 00:00:09]} Qg5 {[%clk
00:22:56]} {[%emt 00:00:05]} 43. Qf3 {[%clk 00:27:39]} {[%emt 00:01:12]} Kh6
{[%clk 00:21:48]} {[%emt 00:01:18]} 44. Kh3 {[%clk 00:21:21]} {[%emt 00:06:27]}
Qc1 {[%clk 00:18:39]} {[%emt 00:03:21]} 45. g3 {[%clk 00:18:27]} {[%emt
00:03:05]} Qf1+ {[%clk 00:16:54]} {[%emt 00:01:55]} 46. Kh2 {[%clk 00:18:14]}
{[%emt 00:00:23]} Qd3 {[%clk 00:16:29]} {[%emt 00:00:34]} 47. Kg2 {[%clk
00:17:52]} {[%emt 00:00:31]} Qd2 {[%clk 00:16:14]} {[%emt 00:00:27]} 48. Qxd5
{[%clk 00:14:51]} {[%emt 00:03:11]} Qxc3 {[%clk 00:16:15]} {[%emt 00:00:08]} 49.
Qc6+ {[%clk 00:14:06]} {[%emt 00:00:56]} g6 {[%clk 00:15:39]} {[%emt 00:00:45]}
50. d5 {[%clk 00:14:03]} {[%emt 00:00:13]} Qd3 {[%clk 00:15:25]} {[%emt
00:00:25]} 51. d6 {[%clk 00:13:52]} {[%emt 00:00:21]} c3 {[%clk 00:15:23]}
{[%emt 00:00:12]} 52. d7 {[%clk 00:13:23]} {[%emt 00:00:39]} c2 {[%clk
00:15:19]} {[%emt 00:00:14]} 53. Qc7 {[%clk 00:12:46]} {[%emt 00:00:47]} Qxd7
{[%clk 00:15:04]} {[%emt 00:00:25]} 54. Qxd7 {[%clk 00:12:40]} {[%emt
00:00:16]} c1=Q {[%clk 00:15:07]} {[%emt 00:00:07]} 55. Qd5 {[%clk 00:12:26]}
{[%emt 00:00:24]} Qc7 {[%clk 00:14:54]} {[%emt 00:00:22]} 56. Qe4 {[%clk
00:11:41]} {[%emt 00:00:56]} 1/2-1/2

[Event "ABC 2024 Utrecht, Groep B"]
[Site "Utrecht"]
[Date "2024.03.10"]
[Round "6.10"]
[White "Haque, Nishaaz"]
[Black "Frederiks, Jesse"]
[Result "1/2-1/2"]
[WhiteElo "1793"]
[BlackElo "1893"]

1. a3 {[%clk 00:55:20]} g6 {[%clk 00:53:56]} {[%emt 00:01:23]} 2. d4 {[%clk
00:55:15]} {[%emt 00:00:15]} Nf6 {[%clk 00:53:29]} {[%emt 00:00:37]} 3. Nc3
{[%clk 00:54:28]} {[%emt 00:00:58]} d5 {[%clk 00:53:06]} {[%emt 00:00:33]} 4.
Bf4 {[%clk 00:53:04]} {[%emt 00:01:33]} c5 {[%clk 00:51:21]} {[%emt 00:01:55]}
5. e3 {[%clk 00:52:13]} {[%emt 00:01:02]} a6 {[%clk 00:48:53]} {[%emt
00:02:38]} 6. dxc5 {[%clk 00:51:56]} {[%emt 00:00:27]} Nc6 {[%clk 00:48:20]}
{[%emt 00:00:43]} 7. Rb1 {[%clk 00:51:21]} {[%emt 00:00:45]} e5 {[%clk
00:47:58]} {[%emt 00:00:31]} 8. Bg5 {[%clk 00:51:12]} {[%emt 00:00:19]} d4
{[%clk 00:45:00]} {[%emt 00:03:08]} 9. Ne4 {[%clk 00:48:47]} {[%emt 00:02:32]}
Be7 {[%clk 00:44:13]} {[%emt 00:01:01]} 10. Nxf6+ {[%clk 00:47:47]} {[%emt
00:01:10]} Bxf6 {[%clk 00:44:17]} {[%emt 00:00:05]} 11. Bh6 {[%clk 00:47:33]}
{[%emt 00:00:24]} Qa5+ {[%clk 00:42:51]} {[%emt 00:01:36]} 12. Qd2 {[%clk
00:44:10]} {[%emt 00:03:32]} Qxc5 {[%clk 00:41:12]} {[%emt 00:01:50]} 13. Bd3
{[%clk 00:38:55]} {[%emt 00:05:24]} Bf5 {[%clk 00:36:29]} {[%emt 00:04:53]} 14.
e4 {[%clk 00:32:34]} {[%emt 00:06:30]} Be6 {[%clk 00:35:39]} {[%emt 00:01:02]}
15. Ne2 {[%clk 00:30:21]} {[%emt 00:02:23]} Rc8 {[%clk 00:32:30]} {[%emt
00:03:19]} 16. O-O {[%clk 00:27:57]} {[%emt 00:02:34]} Rg8 {[%clk 00:17:01]}
{[%emt 00:15:39]} 17. f4 {[%clk 00:23:47]} {[%emt 00:04:19]} Bh8 {[%clk
00:14:34]} {[%emt 00:02:37]} 18. Ng3 {[%clk 00:21:33]} {[%emt 00:02:25]} exf4
{[%clk 00:13:28]} {[%emt 00:01:16]} 19. Bxf4 {[%clk 00:20:21]} {[%emt
00:01:22]} Ne5 {[%clk 00:12:15]} {[%emt 00:01:23]} 20. b4 {[%clk 00:17:58]}
{[%emt 00:02:33]} Qc3 {[%clk 00:11:20]} {[%emt 00:01:05]} 21. Ra1 {[%clk
00:11:41]} {[%emt 00:06:27]} Qxd2 {[%clk 00:06:27]} {[%emt 00:05:03]} 22. Bxd2
{[%clk 00:11:42]} {[%emt 00:00:09]} Nxd3 {[%clk 00:06:25]} {[%emt 00:00:11]} 23.
cxd3 {[%clk 00:11:47]} {[%emt 00:00:06]} Be5 {[%clk 00:06:02]} {[%emt
00:00:33]} 24. Rac1 {[%clk 00:10:59]} {[%emt 00:00:58]} Kd7 {[%clk 00:05:57]}
{[%emt 00:00:14]} 25. Ne2 {[%clk 00:09:55]} {[%emt 00:01:11]} g5 {[%clk
00:05:16]} {[%emt 00:00:55]} 26. Rxc8 {[%clk 00:08:49]} {[%emt 00:01:16]} Kxc8
{[%clk 00:05:25]} {[%emt 00:00:01]} 27. Rc1+ {[%clk 00:08:07]} {[%emt
00:00:51]} Kd7 {[%clk 00:05:26]} {[%emt 00:00:09]} 28. Be1 {[%clk 00:05:42]}
{[%emt 00:02:34]} Bg4 {[%clk 00:04:23]} {[%emt 00:01:14]} 29. Rc2 {[%clk
00:03:03]} {[%emt 00:02:50]} Bxe2 {[%clk 00:04:19]} {[%emt 00:00:13]} 30. Rxe2
{[%clk 00:03:12]} {[%emt 00:00:02]} Rc8 {[%clk 00:04:21]} {[%emt 00:00:08]} 31.
Rf2 {[%clk 00:02:05]} {[%emt 00:01:16]} f6 {[%clk 00:04:26]} {[%emt 00:00:05]}
32. g3 {[%clk 00:01:55]} {[%emt 00:00:21]} Rc1 {[%clk 00:04:10]} {[%emt
00:00:25]} 33. Kf1 {[%clk 00:01:36]} {[%emt 00:00:29]} Ra1 {[%clk 00:04:02]}
{[%emt 00:00:19]} 34. Rc2 {[%clk 00:01:29]} {[%emt 00:00:13]} Rxa3 {[%clk
00:04:10]} {[%emt 00:00:06]} 35. Ke2 {[%clk 00:01:36]} {[%emt 00:00:03]} Ra1
{[%clk 00:03:45]} {[%emt 00:00:34]} 36. Rc4 {[%clk 00:01:06]} {[%emt 00:00:36]}
Ra2+ {[%clk 00:03:47]} {[%emt 00:00:14]} 37. Bd2 {[%clk 00:01:15]} h5 {[%clk
00:03:24]} {[%emt 00:00:33]} 38. Rc5 {[%clk 00:00:56]} {[%emt 00:00:30]} h4
{[%clk 00:02:58]} {[%emt 00:00:35]} 39. Kd1 {[%clk 00:00:45]} {[%emt 00:00:20]}
hxg3 {[%clk 00:03:00]} {[%emt 00:00:09]} 40. hxg3 {[%clk 00:00:55]} Ra1+ {[%clk
00:02:59]} {[%emt 00:00:10]} 41. Kc2 {[%clk 00:00:37]} {[%emt 00:00:29]} Rg1
{[%clk 00:03:00]} {[%emt 00:00:08]} 42. Rd5+ {[%clk 00:00:15]} {[%emt
00:00:32]} Kc6 {[%clk 00:02:45]} {[%emt 00:00:25]} 43. Bxg5 {[%emt 00:00:04]}
Rxg3 {[%clk 00:02:11]} {[%emt 00:00:42]} 44. Bh4 {[%clk 00:00:14]} {[%emt
00:00:19]} Rg2+ {[%clk 00:02:15]} {[%emt 00:00:07]} 45. Kb3 {[%clk 00:00:21]}
{[%emt 00:00:03]} Rd2 {[%clk 00:02:14]} {[%emt 00:00:09]} 46. Kc4 {[%clk
00:00:13]} {[%emt 00:00:21]} Rc2+ {[%clk 00:02:22]} 47. Kb3 {[%clk 00:00:20]}
{[%emt 00:00:03]} Rc3+ {[%clk 00:02:31]} 48. Kb2 {[%clk 00:00:25]} {[%emt
00:00:04]} Rxd3 {[%clk 00:02:38]} {[%emt 00:00:04]} 49. Rc5+ {[%clk 00:00:30]}
{[%emt 00:00:05]} Kb6 {[%clk 00:02:45]} {[%emt 00:00:02]} 50. Rd5 {[%clk
00:00:29]} {[%emt 00:00:12]} Re3 {[%clk 00:02:47]} {[%emt 00:00:08]} 51. Bxf6
Bxf6 {[%clk 00:02:47]} 52. Rd6+ {[%clk 00:00:39]} Kb5 {[%clk 00:02:55]} {[%emt
00:00:02]} 53. Rxf6 {[%clk 00:00:48]} Rxe4 {[%clk 00:03:04]} {[%emt 00:00:02]}
54. Rf7 {[%clk 00:00:47]} {[%emt 00:00:10]} Re6 {[%clk 00:03:01]} {[%emt
00:00:14]} 55. Rxb7+ {[%clk 00:00:54]} {[%emt 00:00:03]} Kc6 {[%clk 00:02:59]}
{[%emt 00:00:10]} 56. Ra7 {[%clk 00:00:49]} {[%emt 00:00:17]} Kb6 {[%clk
00:03:03]} {[%emt 00:00:06]} 57. Rd7 {[%clk 00:00:57]} {[%emt 00:00:01]} Re4
{[%clk 00:03:06]} {[%emt 00:00:06]} 58. Kc2 {[%clk 00:01:03]} {[%emt 00:00:06]}
Rh4 {[%clk 00:01:53]} {[%emt 00:01:23]} 59. Rd6+ {[%clk 00:00:57]} {[%emt
00:00:16]} Kb5 {[%clk 00:02:01]} {[%emt 00:00:02]} 60. Kb3 {[%clk 00:00:30]}
{[%emt 00:00:36]} Rh3+ {[%clk 00:02:06]} {[%emt 00:00:06]} 61. Kc2 {[%clk
00:00:39]} {[%emt 00:00:01]} Kc4 {[%clk 00:02:06]} {[%emt 00:00:10]} 62. Rxa6
{[%clk 00:00:32]} {[%emt 00:00:17]} Rh2+ {[%clk 00:02:10]} {[%emt 00:00:05]} 63.
Kd1 {[%clk 00:00:39]} {[%emt 00:00:03]} Kd3 {[%clk 00:02:16]} {[%emt 00:00:05]}
64. Ra3+ {[%clk 00:00:48]} {[%emt 00:00:01]} Kc4 {[%clk 00:02:22]} {[%emt
00:00:04]} 65. Rg3 {[%clk 00:00:40]} {[%emt 00:00:15]} d3 {[%clk 00:02:25]}
{[%emt 00:00:09]} 66. Rg8 {[%clk 00:00:47]} {[%emt 00:00:02]} Kc3 {[%clk
00:01:23]} {[%emt 00:01:14]} 67. Rc8+ {[%clk 00:00:55]} {[%emt 00:00:02]} Kxb4
{[%clk 00:01:28]} {[%emt 00:00:05]} 68. Rb8+ {[%clk 00:01:03]} {[%emt
00:00:03]} Kc5 {[%clk 00:01:24]} {[%emt 00:00:12]} 69. Rc8+ {[%clk 00:01:11]}
{[%emt 00:00:03]} Kd4 {[%clk 00:01:27]} {[%emt 00:00:06]} 70. Rd8+ {[%clk
00:01:20]} {[%emt 00:00:02]} Ke3 {[%clk 00:01:36]} 71. Re8+ {[%clk 00:01:29]}
{[%emt 00:00:01]} Kf3 {[%clk 00:01:26]} {[%emt 00:00:16]} 72. Rf8+ {[%clk
00:01:32]} {[%emt 00:00:10]} Ke3 {[%clk 00:01:26]} {[%emt 00:00:10]} 73. Re8+
{[%clk 00:01:40]} {[%emt 00:00:02]} Kf2 {[%clk 00:01:33]} {[%emt 00:00:03]} 74.
Rf8+ {[%clk 00:01:46]} {[%emt 00:00:04]} Kg1 {[%clk 00:01:41]} {[%emt
00:00:03]} 75. Rd8 {[%clk 00:01:44]} {[%emt 00:00:09]} Rh3 {[%clk 00:01:14]}
{[%emt 00:00:39]} 76. Kd2 {[%clk 00:01:49]} {[%emt 00:00:05]} Kf2 {[%clk
00:01:13]} {[%emt 00:00:11]} 77. Rxd3 {[%clk 00:01:58]} {[%emt 00:00:02]}
1/2-1/2